[Event "Banff op"]
[Site "Banff CAN"]
[Date "2021.11.13"]
[Round "3.16"]
[White "Srinivasan, Hemant"]
[Black "Wu, Jonathan"]
[Result "0-1"]
[WhiteElo "1993"]
[BlackElo "1833"]
[PlyCount "92"]
[EventDate "2021.11.12"]
[EventType "swiss"]
[EventRounds "6"]
[EventCountry "CAN"]

1. d4 Nf6 2. c4 g6 3. Nc3 d5 4. cxd5 Nxd5 5. e4 Nxc3 6. bxc3 Bg7 7. Bc4 c5 8.
Ne2 Nc6 9. Be3 O-O 10. O-O Bg4 11. f3 Na5 12. Bxf7+ Rxf7 13. fxg4 Rxf1+ 14.
Qxf1 Qd6 15. e5 Qe6 16. Nf4 Qxg4 17. Qb5 b6 18. dxc5 Rf8 19. cxb6 axb6 20. Qd5+
Rf7 21. Rf1 Bh6 22. Nh5 Qc4 23. Qd8+ Bf8 24. Rxf7 Kxf7 25. Nf4 Qxc3 26. Qd5+
Ke8 27. Bd2 Qc4 28. Qa8+ Kf7 29. e6+ Kg8 30. Nd5 Nc6 31. Qe8 Qd4+ 32. Be3 Qd1+
33. Kf2 Ne5 34. Nxe7+ Kg7 35. Nc8 Nd3+ 36. Kg3 Qe1+ 37. Kf3 Qf1+ 38. Ke4 Qf5+
39. Kd4 Bc5+ 40. Kc3 Bb4+ 41. Kb3 Qd5+ 42. Kc2 Qc4+ 43. Kb1 Ne5 44. e7 Qd3+ 45.
Kb2 Ba3+ 46. Ka1 Qd1+ 0-1

[Event "Banff op"]
[Site "Banff CAN"]
[Date "2021.11.13"]
[Round "3.17"]
[White "Pivovarov, Juraj"]
[Black "D'Souza, Carina"]
[Result "1/2-1/2"]
[WhiteElo "1987"]
[BlackElo "1771"]
[PlyCount "36"]
[EventDate "2021.11.12"]
[EventType "swiss"]
[EventRounds "6"]
[EventCountry "CAN"]

1. e4 c5 2. Nf3 d6 3. d4 cxd4 4. Nxd4 Nf6 5. Nc3 a6 6. Be3 e6 7. Be2 Nbd7 8.
Qd2 b5 9. g3 Bb7 10. f3 h5 11. O-O-O Rc8 12. Bg5 Be7 13. h4 O-O 14. g4 hxg4 15.
h5 d5 16. exd5 Nxd5 17. Bxe7 Qxe7 18. Ne4 Nc5 1/2-1/2

[Event "Banff op"]
[Site "Banff CAN"]
[Date "2021.11.13"]
[Round "3.19"]
[White "Su, Ethan"]
[Black "Offengenden, Ron"]
[Result "1-0"]
[WhiteElo "1953"]
[BlackElo "1759"]
[PlyCount "183"]
[EventDate "2021.11.12"]
[EventType "swiss"]
[EventRounds "6"]
[EventCountry "CAN"]

1. d4 d5 2. c4 e6 3. Nf3 Nf6 4. g3 b6 5. Bg2 Nbd7 6. O-O Be7 7. Nc3 Bb7 8. Bf4
Bd6 9. Bxd6 cxd6 10. Nb5 O-O 11. Nxd6 Ba6 12. Qa4 Bxc4 13. Nxc4 dxc4 14. Qxc4
Rc8 15. Qd3 Nd5 16. a3 f5 17. Rac1 h6 18. e4 Ne7 19. Rxc8 Qxc8 20. exf5 Nxf5
21. Qb3 Nf6 22. Re1 Re8 23. Bh3 Kh8 24. Bxf5 exf5 25. Rxe8+ Qxe8 26. Ne5 Ng4
27. Nxg4 Qe1+ 28. Kg2 fxg4 29. Qe3 Qb1 30. b4 a5 31. bxa5 bxa5 32. d5 Qf5 33.
f3 Qc2+ 34. Kg1 Qd1+ 35. Kf2 Qc2+ 36. Qe2 Qc5+ 37. Kg2 gxf3+ 38. Qxf3 Qc2+ 39.
Kh3 Qc5 40. g4 Qd6 41. Qd3 Kg8 42. Kg2 a4 43. h3 Kh8 44. Kf3 Qf6+ 45. Ke4 Qg6+
46. Kd4 Qb6+ 47. Ke4 Qg6+ 48. Ke3 Qg5+ 49. Kf3 Qf6+ 50. Ke2 Qe5+ 51. Kd2 Qb2+
52. Kd1 Qa1+ 53. Kc2 Qa2+ 54. Kc1 Qa1+ 55. Kd2 Qb2+ 56. Ke1 Qe5+ 57. Kf1 Qa1+
58. Kg2 Qb2+ 59. Kf3 Qf6+ 60. Kg3 Qe5+ 61. Kf2 Qf6+ 62. Ke3 Qg5+ 63. Kd4 Qf4+
64. Kc5 Qc7+ 65. Kb5 Qd7+ 66. Ka5 Qa7+ 67. Qa6 Qc5+ 68. Kxa4 Qc2+ 69. Kb4 Qd2+
70. Kc5 Qc3+ 71. Kb6 Qd4+ 72. Kc6 Qf6+ 73. d6 Qf3+ 74. Kc7 Qc3+ 75. Kb8 Qb3+
76. Qb7 Qg3 77. Qc8+ Kh7 78. Qf5+ Kh8 79. Qf8+ Kh7 80. a4 Qb3+ 81. Kc7 Qxa4 82.
Qf5+ Kg8 83. d7 Qa7+ 84. Kd6 Qb6+ 85. Ke7 Qb4+ 86. Ke8 Qe1+ 87. Kd8 Qb4 88.
Qe6+ Kh7 89. Ke8 Qa4 90. Kf7 Qd4 91. d8=Q Qa7+ 92. Qee7 1-0

[Event "Banff op"]
[Site "Banff CAN"]
[Date "2021.11.13"]
[Round "3.20"]
[White "Ming, Jerry"]
[Black "Nechio, Douglas"]
[Result "1/2-1/2"]
[WhiteElo "1684"]
[BlackElo "1951"]
[PlyCount "83"]
[EventDate "2021.11.12"]
[EventType "swiss"]
[EventRounds "6"]
[EventCountry "CAN"]

1. e4 c6 2. d4 d5 3. exd5 cxd5 4. Bd3 Nf6 5. Nf3 Bg4 6. Bf4 e6 7. c3 Bd6 8. Bg3
O-O 9. O-O Ne4 10. Re1 Nxg3 11. hxg3 Nd7 12. Nbd2 e5 13. dxe5 Nxe5 14. Be2
Nxf3+ 15. Bxf3 Be6 16. Nb3 Qb6 17. Qd4 Bc7 18. Rad1 Rad8 19. Qxb6 Bxb6 20. Nd4
Bc8 21. Nb3 Be6 22. Nd4 Rfe8 23. Nxe6 fxe6 24. Rd2 Kf7 25. Red1 Re7 26. c4 d4
27. Rd3 Rc8 28. b3 Bc5 29. Kf1 Rf8 30. Be4 g6 31. Ke2 b6 32. Rh1 Kg7 33. g4 Rf4
34. f3 Rf8 35. Rdd1 Rd7 36. Kd3 Be7 37. Kc2 Bg5 38. Kd3 e5 39. Kc2 Rc8 40. Kd3
Rdc7 41. Bd5 b5 42. Rb1 1/2-1/2

[Event "Banff op"]
[Site "Banff CAN"]
[Date "2021.11.13"]
[Round "3.21"]
[White "Dunne, Eoin"]
[Black "Daniluk, Jim"]
[Result "1/2-1/2"]
[WhiteElo "1546"]
[BlackElo "1946"]
[PlyCount "71"]
[EventDate "2021.11.12"]
[EventType "swiss"]
[EventRounds "6"]
[EventCountry "CAN"]

1. e4 c5 2. Nc3 a6 3. a4 Nc6 4. f4 d6 5. Nf3 g6 6. Bc4 Bg7 7. O-O e6 8. d3 Nge7
9. Qe1 Nd4 10. Bb3 Nxb3 11. cxb3 Qb6 12. Ra3 Nc6 13. Kh1 Bd7 14. Qh4 Qd8 15.
Qg3 Nd4 16. f5 exf5 17. Bg5 f6 18. Bf4 g5 19. Bxd6 Be6 20. Nxd4 cxd4 21. Nd5
Bxd5 22. exd5 f4 23. Bxf4 Qxd5 24. Re1+ Kf7 25. Bd2 Rac8 26. Raa1 Rc2 27. Bb4
h5 28. Ba3 Bf8 29. Rac1 Qxb3 30. Rxc2 Qxc2 31. Bxf8 Rxf8 32. Qf3 Kg6 33. Qe4+
Kh6 34. Qxd4 Rf7 35. h3 Qc6 36. b3 1/2-1/2

[Event "Banff op"]
[Site "Banff CAN"]
[Date "2021.11.13"]
[Round "3.22"]
[White "Khodjimatov, Sherzod"]
[Black "Zacharias, Nicholas"]
[Result "1-0"]
[WhiteElo "2183"]
[BlackElo "1591"]
[PlyCount "67"]
[EventDate "2021.11.12"]
[EventType "swiss"]
[EventRounds "6"]
[EventCountry "CAN"]

1. e4 c6 2. Nc3 d5 3. Nf3 Bg4 4. h3 Bxf3 5. Qxf3 Nf6 6. d3 e6 7. Qg3 Na6 8. Be2
d4 9. Nb1 Bb4+ 10. c3 dxc3 11. bxc3 Bc5 12. e5 Nd5 13. Qxg7 Rf8 14. d4 Nxc3 15.
dxc5 Nxe2 16. Kxe2 Qd4 17. Rd1 Qxa1 18. Bh6 Qxa2+ 19. Ke3 Qb3+ 20. Rd3 Qxd3+
21. Kxd3 O-O-O+ 22. Kc4 b5+ 23. cxb6 axb6 24. Qxf8 Rxf8 25. Bxf8 Nc7 26. Nc3
Nd5 27. Nxd5 exd5+ 28. Kd4 Kd7 29. f4 Ke6 30. g4 f5 31. Bd6 fxg4 32. hxg4 Kf7
33. f5 h6 34. Bc7 1-0

[Event "Banff op"]
[Site "Banff CAN"]
[Date "2021.11.13"]
[Round "3.23"]
[White "Tolentino, Patrick"]
[Black "Cater, Brendan"]
[Result "0-1"]
[WhiteElo "1823"]
[BlackElo "1879"]
[PlyCount "80"]
[EventDate "2021.11.12"]
[EventType "swiss"]
[EventRounds "6"]
[EventCountry "CAN"]

1. e4 e5 2. f4 exf4 3. Bc4 Qh4+ 4. Kf1 Nf6 5. Nf3 Qh5 6. Nc3 c6 7. d4 d5 8.
exd5 Bd6 9. Qe1+ Kd8 10. Qh4 Qxh4 11. Nxh4 b5 12. Bd3 Nxd5 13. Nxd5 cxd5 14.
Bxb5 g5 15. Nf3 f6 16. Bd2 a5 17. Kf2 Bd7 18. Bd3 Nc6 19. c3 h5 20. Rad1 Ne7
21. b3 Nf5 22. Bxf5 Bxf5 23. c4 Be4 24. c5 Bc7 25. h3 Kd7 26. Rhe1 Rag8 27. Bc3
g4 28. hxg4 hxg4 29. Nd2 g3+ 30. Ke2 Bxg2 31. Rg1 Re8+ 32. Kd3 Re3+ 33. Kc2 Rh2
34. Rde1 Be4+ 35. Kb2 Rd3 36. a3 Rhxd2+ 37. Bxd2 Rxd2+ 38. Kc1 Rxd4 39. Rd1
Rxd1+ 40. Kxd1 f3 0-1

[Event "Banff op"]
[Site "Banff CAN"]
[Date "2021.11.13"]
[Round "3.25"]
[White "Tran, Tri"]
[Black "Magnusson, Saul"]
[Result "0-1"]
[WhiteElo "1694"]
[BlackElo "1989"]
[PlyCount "62"]
[EventDate "2021.11.12"]
[EventType "swiss"]
[EventRounds "6"]
[EventCountry "CAN"]

1. d4 Nf6 2. Bf4 g6 3. Nc3 d5 4. e3 Bg7 5. Qd2 O-O 6. O-O-O a5 7. f3 Nh5 8.
Nge2 Nxf4 9. Nxf4 c6 10. Kb1 a4 11. g4 b5 12. h4 b4 13. Nce2 b3 14. cxb3 axb3
15. a3 Nd7 16. Nc3 e5 17. Nfe2 Ba6 18. Ng3 Nb6 19. h5 Bxf1 20. Rdxf1 Nc4 21.
Qf2 Qa5 22. hxg6 fxg6 23. g5 Rxf3 24. Qh2 Rxf1+ 25. Nxf1 Nxa3+ 26. Kc1 Nc4 27.
Qxh7+ Kf7 28. Rh2 Qxc3+ 29. Kd1 Qd3+ 30. Ke1 Ra1+ 31. Kf2 Rxf1+ 0-1

[Event "Banff op"]
[Site "Banff CAN"]
[Date "2021.11.13"]
[Round "3.26"]
[White "Green, Jason"]
[Black "Kowalyk, Tim"]
[Result "0-1"]
[WhiteElo "1829"]
[BlackElo "1690"]
[PlyCount "58"]
[EventDate "2021.11.12"]
[EventType "swiss"]
[EventRounds "6"]
[EventCountry "CAN"]

1. e4 c5 2. Nf3 d6 3. d4 cxd4 4. Nxd4 a6 5. Bd3 e5 6. Ne2 Nf6 7. Nbc3 b5 8. Bg5
Bb7 9. O-O Be7 10. Ng3 b4 11. Bxf6 Bxf6 12. Nd5 Bxd5 13. exd5 O-O 14. a3 e4 15.
Nxe4 Bxb2 16. axb4 Bxa1 17. Qxa1 f5 18. Nd2 a5 19. Nb3 a4 20. Nd4 Qd7 21. Bb5
Qa7 22. Ne6 Rf6 23. Re1 Nd7 24. Nxg7 Ne5 25. Ne6 f4 26. Qd4 Qxd4 27. Nxd4 a3
28. Ra1 Rf7 29. c4 Nd3 0-1

[Event "Banff op"]
[Site "Banff CAN"]
[Date "2021.11.13"]
[Round "3.27"]
[White "Chen, Ricky"]
[Black "Suominen, David"]
[Result "1-0"]
[WhiteElo "1654"]
[BlackElo "1817"]
[PlyCount "89"]
[EventDate "2021.11.12"]
[EventType "swiss"]
[EventRounds "6"]
[EventCountry "CAN"]

1. Nf3 d5 2. g3 Nf6 3. Bg2 g6 4. O-O Bg7 5. d3 c5 6. Nbd2 Nc6 7. e4 O-O 8. Re1
d4 9. h4 Bg4 10. Nf1 Ne5 11. N1h2 Nxf3+ 12. Bxf3 Bxf3 13. Qxf3 Nd7 14. h5 e5
15. Ng4 Qe7 16. Kg2 f6 17. hxg6 hxg6 18. Rh1 Kf7 19. Bh6 Rh8 20. Rh3 b5 21.
Rah1 Ke6 22. Bxg7 Qxg7 23. Nh6 Qf8 24. Qg4+ Kd6 25. Nf7+ Qxf7 26. Rxh8 Rxh8 27.
Rxh8 Nf8 28. Qc8 Nd7 29. Qg8 Qxg8 30. Rxg8 g5 31. Ra8 c4 32. Rxa7 cxd3 33. cxd3
Nc5 34. Kf1 Nxd3 35. b3 g4 36. Ra6+ Ke7 37. Rb6 b4 38. Rc6 Kd7 39. Rxf6 Nc5 40.
Rb6 Nxe4 41. Rxb4 Nd6 42. a4 Nf5 43. a5 d3 44. a6 d2 45. Ke2 1-0

[Event "Banff op"]
[Site "Banff CAN"]
[Date "2021.11.13"]
[Round "3.28"]
[White "May, Liam"]
[Black "Carroll, Billy"]
[Result "0-1"]
[WhiteElo "1811"]
[BlackElo "1236"]
[PlyCount "58"]
[EventDate "2021.11.12"]
[EventType "swiss"]
[EventRounds "6"]
[EventCountry "CAN"]

1. e4 e5 2. Nf3 d6 3. d4 Nd7 4. Bc4 c6 5. O-O Be7 6. dxe5 dxe5 7. a4 Ngf6 8.
Nc3 Qc7 9. b4 Bxb4 10. Bb2 Bxc3 11. Bxc3 Nxe4 12. Bb2 O-O 13. Re1 Nxf2 14. Kxf2
Qb6+ 15. Re3 e4 16. Bd4 c5 17. Bxg7 Kxg7 18. Ng5 Qf6+ 19. Kg1 Nb6 20. Rg3 Kh8
21. Nxf7+ Rxf7 22. Bxf7 Bd7 23. Qf1 Qd4+ 24. Kh1 Rf8 25. Re1 Be6 26. Rxe4 Rxf7
27. Qe1 Qxe4 28. Qd1 Bd5 29. Rg4 Qxg4 0-1

[Event "Banff op"]
[Site "Banff CAN"]
[Date "2021.11.13"]
[Round "4.1"]
[White "MacKinnon, Keith"]
[Black "Plotkin, Victor"]
[Result "1/2-1/2"]
[WhiteElo "2259"]
[BlackElo "2428"]
[PlyCount "35"]
[EventDate "2021.11.12"]
[EventType "swiss"]
[EventRounds "6"]
[EventCountry "CAN"]

1. c4 Nf6 2. Nf3 e6 3. Nc3 d5 4. e3 Be7 5. b3 O-O 6. Bb2 b6 7. cxd5 exd5 8. d4
c5 9. Bd3 Nc6 10. O-O cxd4 11. exd4 Bg4 12. Be2 Ne4 13. Rc1 Bxf3 14. Bxf3 Nxc3
15. Rxc3 Qd6 16. a3 Bf6 17. Rc2 Rfe8 18. Qd3 1/2-1/2

[Event "Banff op"]
[Site "Banff CAN"]
[Date "2021.11.13"]
[Round "4.3"]
[White "Gedajlovic, Max"]
[Black "Benjamin, Joel"]
[Result "1/2-1/2"]
[WhiteElo "2329"]
[BlackElo "2640"]
[PlyCount "37"]
[EventDate "2021.11.12"]
[EventType "swiss"]
[EventRounds "6"]
[EventCountry "CAN"]

1. d4 Nf6 2. Nf3 e6 3. c4 b6 4. g3 Ba6 5. Nbd2 Bb7 6. Bg2 Be7 7. O-O O-O 8. Qc2
d5 9. b3 Na6 10. Bb2 c5 11. dxc5 Nxc5 12. Rfd1 Rc8 13. Rac1 b5 14. Qb1 bxc4 15.
bxc4 Qb6 16. Nd4 Qa6 17. N4b3 Na4 18. Bd4 Rfd8 19. Na5 1/2-1/2

[Event "Banff op"]
[Site "Banff CAN"]
[Date "2021.11.13"]
[Round "4.4"]
[White "Plotkin, Mark"]
[Black "Jung, Hans"]
[Result "1-0"]
[WhiteElo "2549"]
[BlackElo "2210"]
[PlyCount "51"]
[EventDate "2021.11.12"]
[EventType "swiss"]
[EventRounds "6"]
[EventCountry "CAN"]

1. c4 Nf6 2. Nf3 e6 3. e3 d5 4. d4 c6 5. Bd3 Nbd7 6. b3 b6 7. O-O Bb7 8. Bb2
dxc4 9. bxc4 c5 10. d5 exd5 11. cxd5 Bxd5 12. e4 Bc6 13. e5 Ne4 14. Qe2 Ng5 15.
Nxg5 Qxg5 16. f4 Qe7 17. Nc3 O-O-O 18. Ne4 Qe8 19. Rad1 Be7 20. Bc4 f6 21. Nd6+
Bxd6 22. Rxd6 Nb8 23. Qg4+ Bd7 24. Qxg7 fxe5 25. Bxe5 Qf8 26. Rc6+ 1-0

[Event "Banff op"]
[Site "Banff CAN"]
[Date "2021.11.13"]
[Round "4.5"]
[White "Cummings, David"]
[Black "Xu, Eddie"]
[Result "1-0"]
[WhiteElo "2416"]
[BlackElo "2208"]
[PlyCount "95"]
[EventDate "2021.11.12"]
[EventType "swiss"]
[EventRounds "6"]
[EventCountry "CAN"]

1. c4 e6 2. Nc3 d5 3. e3 Nf6 4. Nf3 Be7 5. b3 O-O 6. Bb2 b6 7. cxd5 exd5 8. d4
c5 9. Be2 Be6 10. O-O Nc6 11. Ne5 Nxe5 12. dxe5 Ne4 13. Qc2 Nxc3 14. Bxc3 f6
15. Rad1 fxe5 16. Bxe5 Bf6 17. Bg3 Qc8 18. Bf3 Qb7 19. e4 Bd4 20. e5 a5 21. Be2
Qf7 22. Kh1 Bf5 23. Qd2 Rae8 24. f4 Be4 25. Bf3 Qg6 26. Qe2 Bxf3 27. Rxf3 Qg4
28. h3 Qh5 29. Bh2 Re7 30. g4 Qe8 31. Re1 Qc6 32. Rd3 b5 33. Qg2 b4 34. Re2 a4
35. f5 axb3 36. axb3 Ra8 37. Bf4 Ra1+ 38. Kh2 Rb1 39. e6 Bg1+ 40. Kg3 Bd4 41.
Qf3 h5 42. Rc2 Qa6 43. g5 g6 44. Kh4 Rg1 45. Qxd5 Qxd3 46. Qd8+ Kh7 47. Qxe7+
Bg7 48. f6 1-0

[Event "Banff op"]
[Site "Banff CAN"]
[Date "2021.11.13"]
[Round "4.6"]
[White "Booker, Brad"]
[Black "Ginsburg, Mark"]
[Result "0-1"]
[WhiteElo "2123"]
[BlackElo "2414"]
[PlyCount "108"]
[EventDate "2021.11.12"]
[EventType "swiss"]
[EventRounds "6"]
[EventCountry "CAN"]

1. e4 c5 2. Nf3 e6 3. d3 Nc6 4. g3 d6 5. Bg2 Nf6 6. O-O Be7 7. Nbd2 O-O 8. c3
b6 9. Re1 Bb7 10. d4 cxd4 11. cxd4 Rc8 12. a3 d5 13. e5 Nd7 14. Nf1 Ba6 15. h4
Na5 16. b4 Nc4 17. Qa4 Nb8 18. b5 Qd7 19. Rb1 Rc7 20. Qb3 Bb7 21. a4 Rfc8 22.
Qd3 Na3 23. Bxa3 Rc3 24. Qd1 Rxa3 25. Ne3 Rac3 26. Bh3 h6 27. Kh1 Qd8 28. Ng1
Nd7 29. f4 g6 30. h5 Nf8 31. hxg6 fxg6 32. Qd2 R8c7 33. Nf3 Bc8 34. Qf2 Ra3 35.
Ra1 Rxa1 36. Rxa1 Rc3 37. g4 Nh7 38. Qd2 Qc7 39. Rb1 Ba3 40. Qf2 Bc1 41. Nd2
Rd3 42. Ndf1 Qc3 43. Rxc1 Qxc1 44. Bg2 Rxd4 45. f5 g5 46. fxe6 Bxe6 47. Nf5 Rf4
48. Qe2 Qc4 49. Qe1 Bxf5 50. gxf5 Rxf5 51. Ne3 Rxe5 52. Qd2 Qf4 53. Bxd5+ Kh8
54. Qc3 Qxe3 0-1

[Event "Banff op"]
[Site "Banff CAN"]
[Date "2021.11.13"]
[Round "4.7"]
[White "Wu, Nathan"]
[Black "Dukic, Zachary"]
[Result "1-0"]
[WhiteElo "1868"]
[BlackElo "2359"]
[PlyCount "71"]
[EventDate "2021.11.12"]
[EventType "swiss"]
[EventRounds "6"]
[EventCountry "CAN"]

1. d4 Nf6 2. Bf4 g6 3. Nc3 d5 4. Qd2 Bg7 5. Bh6 O-O 6. Bxg7 Kxg7 7. O-O-O c5 8.
e3 Nc6 9. dxc5 Qa5 10. Bb5 Rd8 11. f3 e5 12. Nge2 Be6 13. f4 d4 14. fxe5 dxc3
15. exf6+ Kg8 16. Qxc3 Qxb5 17. Nd4 Qc4 18. Qxc4 Bxc4 19. Nxc6 bxc6 20. Rd4
Rxd4 21. exd4 Re8 22. Rd1 g5 23. b3 Bd5 24. Rd2 h5 25. c4 Be6 26. d5 Bd7 27. b4
Re4 28. Rc2 Rd4 29. dxc6 Bxc6 30. b5 Be4 31. Rc3 Bxg2 32. c6 Kf8 33. c7 Bb7 34.
c5 g4 35. b6 Bc8 36. bxa7 1-0

[Event "Banff op"]
[Site "Banff CAN"]
[Date "2021.11.13"]
[Round "4.8"]
[White "Chen, Jeffrey"]
[Black "Findlay, Ian"]
[Result "0-1"]
[WhiteElo "1977"]
[BlackElo "2316"]
[PlyCount "60"]
[EventDate "2021.11.12"]
[EventType "swiss"]
[EventRounds "6"]
[EventCountry "CAN"]

1. e4 c5 2. Nc3 Nc6 3. g3 g6 4. Bg2 Bg7 5. d3 d6 6. Nh3 Nf6 7. O-O Rb8 8. a4 a6
9. Ne2 b5 10. axb5 axb5 11. f4 Bb7 12. c3 Ra8 13. Rxa8 Qxa8 14. Qb3 O-O 15.
Qxb5 Ba6 16. Qa4 Bxd3 17. Qxa8 Rxa8 18. e5 Ne4 19. Re1 Ra1 20. Nf2 Nxf2 21.
Kxf2 Na5 22. exd6 exd6 23. Rd1 c4 24. Re1 Nb3 25. Be3 Ra2 26. Bd4 Nxd4 27. Nxd4
Rxb2+ 28. Kg1 Bxd4+ 29. cxd4 c3 30. Be4 Bxe4 0-1

[Event "Banff op"]
[Site "Banff CAN"]
[Date "2021.11.13"]
[Round "4.9"]
[White "Malek, Omid"]
[Black "Su, Ethan"]
[Result "1/2-1/2"]
[WhiteElo "2305"]
[BlackElo "1953"]
[PlyCount "104"]
[EventDate "2021.11.12"]
[EventType "swiss"]
[EventRounds "6"]
[EventCountry "CAN"]

1. d4 d5 2. Bf4 e6 3. e3 Nf6 4. Nf3 c5 5. c3 Nc6 6. Nbd2 Be7 7. Bd3 O-O 8. h4
Re8 9. Ne5 Nxe5 10. dxe5 Nd7 11. Nf3 Nf8 12. h5 f6 13. exf6 Bxf6 14. Ne5 Bxe5
15. Bxe5 Qg5 16. Bg3 Bd7 17. Qf3 Qf6 18. Qxf6 gxf6 19. Bh4 Kf7 20. Rh3 e5 21.
Rf3 Re6 22. Bf5 Rb6 23. O-O-O Rd6 24. g4 h6 25. Rg3 Ne6 26. Rdg1 Ng5 27. Bxg5
fxg5 28. Bxd7 Rxd7 29. f4 exf4 30. exf4 gxf4 31. Rf1 Kg7 32. Rxf4 Rf8 33. Ra4
b6 34. g5 hxg5 35. Rxg5+ Kh6 36. Rag4 Rf6 37. Rg8 Rf1+ 38. Kc2 c4 39. Rg2 Rdf7
40. Rh8+ Rh7 41. Rd8 Rhf7 42. Rxd5 R7f2+ 43. Rxf2 Rxf2+ 44. Rd2 Rf5 45. Rh2 Ra5
46. a3 Re5 47. Kd2 a6 48. a4 Ra5 49. Ke3 Rxa4 50. Kd4 b5 51. Kc5 Ra2 52. Kb6
Ra4 1/2-1/2

[Event "Banff op"]
[Site "Banff CAN"]
[Date "2021.11.13"]
[Round "4.10"]
[White "Wu, Jonathan"]
[Black "Haessel, Dale"]
[Result "0-1"]
[WhiteElo "1833"]
[BlackElo "2216"]
[PlyCount "56"]
[EventDate "2021.11.12"]
[EventType "swiss"]
[EventRounds "6"]
[EventCountry "CAN"]

1. e4 e5 2. Nf3 Nc6 3. d4 exd4 4. Nxd4 Bc5 5. Nb3 Bb6 6. Nc3 Nge7 7. Qe2 O-O 8.
Be3 d6 9. f3 Be6 10. Bxb6 axb6 11. Qd2 d5 12. exd5 Nxd5 13. O-O-O Nxc3 14. Qxc3
Qe7 15. Kb1 Nb4 16. a3 Nd5 17. Qe5 c6 18. Nd4 Nc3+ 19. Kc1 Nxd1 20. Nxe6 f6 21.
Qd4 Nf2 22. Rg1 Rad8 23. Qxf2 Qxe6 24. Bd3 b5 25. Kb1 Rfe8 26. Qh4 g6 27. g4
Qe3 28. Rg3 Rxd3 0-1

[Event "Banff op"]
[Site "Banff CAN"]
[Date "2021.11.13"]
[Round "4.11"]
[White "Wang, Paul"]
[Black "Dave, Bhavik"]
[Result "1-0"]
[WhiteElo "2137"]
[BlackElo "1891"]
[PlyCount "123"]
[EventDate "2021.11.12"]
[EventType "swiss"]
[EventRounds "6"]
[EventCountry "CAN"]

1. e4 e5 2. Nf3 Nc6 3. Bc4 Nf6 4. d3 Be7 5. c3 O-O 6. O-O d6 7. Bb3 a5 8. a4
Bg4 9. Nbd2 d5 10. Re1 dxe4 11. dxe4 Qd7 12. h3 Be6 13. Ng5 Bxb3 14. Qxb3 h6
15. Ngf3 Bc5 16. Nf1 Nh5 17. Be3 Bxe3 18. Nxe3 Nf4 19. Nd5 b6 20. Qb5 Nxd5 21.
exd5 Nb8 22. Nxe5 Qxb5 23. axb5 Rd8 24. c4 Nd7 25. Nxd7 Rxd7 26. Re3 g6 27.
Rae1 Kg7 28. f4 Rad8 29. Kf2 Rd6 30. Re7 R8d7 31. g4 Kf6 32. Re8 Rd8 33. R8e7
R8d7 34. R7e5 Kg7 35. Kf3 f6 36. Re8 Kf7 37. Rh8 Kg7 38. Rc8 f5 39. Ree8 fxg4+
40. hxg4 Rf7 41. Rg8+ Kf6 42. Rh8 g5 43. Rxh6+ Kg7 44. Rxd6 Rxf4+ 45. Kg3 cxd6
46. Rc6 Kf7 47. b3 Ke7 48. Rxb6 Re4 49. Ra6 Re3+ 50. Kf2 Rxb3 51. Rxa5 Rb4 52.
Ra7+ Kf6 53. Rc7 Ke5 54. Rc6 Kf4 55. b6 Rb2+ 56. Ke1 Ke3 57. Kd1 Kd3 58. Kc1
Rb4 59. c5 Kd4 60. cxd6 Kxd5 61. d7 Kxc6 62. d8=Q 1-0

[Event "Banff op"]
[Site "Banff CAN"]
[Date "2021.11.13"]
[Round "4.12"]
[White "Dorn, Paris"]
[Black "Koperski, Dustin"]
[Result "1-0"]
[WhiteElo "2141"]
[BlackElo "1841"]
[PlyCount "75"]
[EventDate "2021.11.12"]
[EventType "swiss"]
[EventRounds "6"]
[EventCountry "CAN"]

1. d4 Nf6 2. c4 c5 3. d5 b5 4. cxb5 a6 5. e3 g6 6. Nc3 Bg7 7. a4 O-O 8. e4 d6
9. Nf3 axb5 10. Bxb5 Bg4 11. O-O Nbd7 12. h3 Bxf3 13. Qxf3 Qa5 14. Qe2 Rfb8 15.
Bd2 Qb6 16. Rfe1 Nf8 17. Nd1 Ne8 18. Bc3 Bxc3 19. Nxc3 Nc7 20. Bc6 Ra7 21. Reb1
Nfe6 22. dxe6 Qxc6 23. exf7+ Kxf7 24. Qc4+ e6 25. b4 Rab7 26. b5 d5 27. exd5
exd5 28. Qh4 Qf6 29. Qxh7+ Kf8 30. Qh6+ Kg8 31. Qd2 d4 32. Ne4 Qe5 33. Qd3 Ne6
34. a5 Kg7 35. a6 Rb6 36. a7 Ra8 37. Nd2 Nf4 38. Qf3 1-0

[Event "Banff op"]
[Site "Banff CAN"]
[Date "2021.11.13"]
[Round "4.13"]
[White "D'Souza, Carina"]
[Black "Khodjimatov, Sherzod"]
[Result "0-1"]
[WhiteElo "1771"]
[BlackElo "2183"]
[PlyCount "56"]
[EventDate "2021.11.12"]
[EventType "swiss"]
[EventRounds "6"]
[EventCountry "CAN"]

1. e4 c5 2. Nf3 g6 3. c3 d5 4. e5 Bg7 5. d4 Nc6 6. Na3 Bg4 7. Be2 Nh6 8. h3
Bxf3 9. Bxf3 cxd4 10. cxd4 Nf5 11. Nc2 O-O 12. g4 Nh4 13. Be2 f6 14. exf6 Bxf6
15. b3 Ng2+ 16. Kf1 Nh4 17. Be3 Qd6 18. Qd2 Bg7 19. Ne1 e5 20. dxe5 Qxe5 21.
Rd1 d4 22. Bc4+ Kh8 23. Bg5 Rxf2+ 24. Kxf2 Rf8+ 25. Kg1 Qg3+ 26. Qg2 Nxg2 27.
Nxg2 Qf2+ 28. Kh2 Be5+ 0-1

[Event "Banff op"]
[Site "Banff CAN"]
[Date "2021.11.13"]
[Round "4.14"]
[White "Cater, Brendan"]
[Black "Pivovarov, Juraj"]
[Result "1-0"]
[WhiteElo "1879"]
[BlackElo "1987"]
[PlyCount "75"]
[EventDate "2021.11.12"]
[EventType "swiss"]
[EventRounds "6"]
[EventCountry "CAN"]

1. d4 Nf6 2. Nf3 g6 3. c4 Bg7 4. g3 O-O 5. Nc3 d5 6. cxd5 Nxd5 7. Bd2 c5 8. e4
Nxc3 9. Bxc3 Bg4 10. d5 Bxc3+ 11. bxc3 Qa5 12. Qd3 Nd7 13. Be2 Bh3 14. Ng5 Bg2
15. Rg1 h6 16. Rxg2 hxg5 17. f4 f6 18. e5 Kg7 19. e6 Nb6 20. Bf3 Rad8 21. Rd1
Rd6 22. Rgd2 Rfd8 23. Qc2 c4 24. Qe4 Qxc3 25. Kf2 f5 26. Qe5+ Qxe5 27. fxe5 c3
28. exd6 cxd2 29. dxe7 Rh8 30. Rxd2 Kf6 31. d6 Kxe6 32. Bxb7 Kd7 33. Ba6 Kc6
34. a4 Nxa4 35. d7 Rxh2+ 36. Ke1 Rxd2 37. Bb5+ Kxb5 38. Kxd2 1-0

[Event "Banff op"]
[Site "Banff CAN"]
[Date "2021.11.13"]
[Round "4.15"]
[White "Tolentino, Patrick"]
[Black "Nechio, Douglas"]
[Result "1/2-1/2"]
[WhiteElo "1936"]
[BlackElo "1951"]
[PlyCount "37"]
[EventDate "2021.11.12"]
[EventType "swiss"]
[EventRounds "6"]
[EventCountry "CAN"]

1. e4 c6 2. d4 d5 3. Nc3 dxe4 4. Nxe4 Bf5 5. Ng3 Bg6 6. Nf3 Nd7 7. Bd3 e6 8.
O-O Ngf6 9. Re1 Be7 10. c3 O-O 11. Ne5 Nxe5 12. Rxe5 Bxd3 13. Qxd3 c5 14. Nh5
cxd4 15. cxd4 Nxh5 16. Rxh5 g6 17. Rb5 Qd7 18. Be3 Rfd8 19. Qb3 1/2-1/2

[Event "Banff op"]
[Site "Banff CAN"]
[Date "2021.11.13"]
[Round "4.16"]
[White "Lin, Leo"]
[Black "Dunne, Eoin"]
[Result "1-0"]
[WhiteElo "1947"]
[BlackElo "1546"]
[PlyCount "39"]
[EventDate "2021.11.12"]
[EventType "swiss"]
[EventRounds "6"]
[EventCountry "CAN"]

1. e4 d6 2. Nf3 Nf6 3. Nc3 e5 4. Bc4 Be7 5. d3 c6 6. O-O O-O 7. Bb3 Nbd7 8. Be3
Ng4 9. d4 Nxe3 10. fxe3 Qc7 11. Kh1 Nf6 12. Qe1 b5 13. a3 a5 14. dxe5 dxe5 15.
Qg3 Bd6 16. Ng5 Bb7 17. Rxf6 b4 18. Nxf7 bxc3 19. Nxe5+ Kh8 20. Ng6+ 1-0